Sports Logo Silhouettes Quiz Stats

 Plays Quiz Updated Dec 13, 2018

Challenge
Share
Tweet
Score 0/32 Timer 05:00
1 Play Today
# Team % Correct
Miami Dolphins
91.6%
Washington Redskins
90.7%
Seattle Seahawks
90%
Cleveland Indians
89.2%
New Jersey Devils
88.4%
Baltimore Ravens
87.5%
Detroit Red Wings
85%
Minnesota Timberwolves
81.8%
Philadelphia Flyers
81.6%
Los Angeles Rams
80.3%
Jacksonville Jaguars
78.7%
San Jose Sharks
78%
San Antonio Spurs
76.3%
Colorado Avalanche
76.1%
Boston Celtics
74.9%
Oakland Raiders
70.8%
# Team % Correct
New York Rangers
69%
Toronto Raptors
67.9%
Pittsburgh Penguins
66.8%
New York Knicks
66.1%
Denver Nuggets
65.9%
Charlotte Hornets
65.4%
Vancouver Canucks
62.2%
Carolina Hurricanes
62%
Cleveland Cavaliers
54.6%
Dallas Mavericks
53.7%
Tennessee Titans
53.7%
Oklahoma City Thunder
53.1%
Milwaukee Brewers
52.1%
Minnesota Wild
50%
New York Yankees
49.7%
Miami Marlins
47.8%

You're not logged in!

Compare scores with friends on all Sporcle quizzes.
OR
Log In

You Might Also Like...

Show Comments

Extras

Top Quizzes Today


Score Distribution

Your Account Isn't Verified!

In order to create a playlist on Sporcle, you need to verify the email address you used during registration. Go to your Sporcle Settings to finish the process.

Report this User

Report this user for behavior that violates our Community Guidelines.

Details: